[Event "Iron Man"]
[Site "SchemingMind.com"]
[Date "2008.05.11"]
[Round "-"]
[White "Joe Daudish"]
[Black "Schaakmaatje"]
[Result "1-0"]
[WhiteCountry "USA"]
[BlackCountry "NED"]
[WhiteElo "1748"]
[WhiteRD "44"]
[BlackElo "1760"]
[BlackRD "46"]
[GameID "154419"]

1. e4 e6 2. d4 d5 3. e5 c5 4. c3 Bd7 5. Nf3 Qb6 6. Qb3 Qxb3 7. axb3 Nc6 8. Be3 f6 9. exf6 Nxf6 10. dxc5 Be7
11. b4 Ng4 12. Bf4 e5 13. Bg3 e4 14. Nfd2 O-O 15. h3 Nh6 16. Be2 Nf5 17. O-O Nxg3 18. fxg3 Rxf1+ 19. Nxf1 Ne5 20. Nbd2 Nc6
21. Bb5 Ne5 22. Bxd7 Nxd7 23. Ne3 Nf6 24. Nb3 a6 25. Na5 Rb8 26. Rd1 Nh5 27. Kh2 b6 28. Nc6 Rb7 29. Nxe7+ Rxe7 30. Rxd5 g6
31. cxb6 Nf6 32. Rd6 Kf7 33. Nd5 Nxd5 34. Rxd5 e3 35. b7 Rxb7 36. Re5 Re7 37. Rxe7+ Kxe7 38. Kg1 Ke6 39. Kf1 Ke5 40. Ke2 Ke4
41. b3 h6 42. c4 Kd4 43. c5
1-0

[Event "Iron Man"]
[Site "SchemingMind.com"]
[Date "2008.05.11"]
[Round "-"]
[White "Schaakmaatje"]
[Black "Joe Daudish"]
[Result "1/2-1/2"]
[WhiteCountry "NED"]
[BlackCountry "USA"]
[WhiteElo "1760"]
[WhiteRD "46"]
[BlackElo "1748"]
[BlackRD "44"]
[GameID "154434"]

1. e4 e6 2. d4 d5 3. e5 Ne7 4. f4 Ng6 5. Nf3 c5 6. c3 Nc6 7. Be3 b6 8. Bb5 Bd7 9. Bxc6 Bxc6 10. O-O Be7
11. Nbd2 c4 12. Qc2 O-O 13. f5 exf5 14. Qxf5 Qd7 15. Qh5 h6 16. Rf2 Qe6 17. Nf1 Bd7 18. Ng3 Qg4 19. Raf1 Qxh5 20. Nxh5 Be6
21. h3 Kh7 22. Nf4 Nxf4 23. Bxf4 b5 24. a3 a5 25. Bd2 Rab8 26. Nh2 b4 27. axb4 axb4 28. g4 b3 29. Kg2 Ra8 30. Kg3 Ra2
31. Bc1 Bg5 32. h4 Bxc1 33. Rxc1 Rfa8 34. g5 hxg5 35. hxg5 Kg6 36. Kf4 Rh8 37. Rg1 Rh4+ 38. Ng4 Bxg4 39. Rxg4 Rxg4+ 40. Kxg4 Ra1
41. Kf4 Re1 42. Rg2 Re4+ 43. Kf3 Rh4 44. Ke3=
1/2-1/2

[Event "Iron Man"]
[Site "SchemingMind.com"]
[Date "2008.06.06"]
[Round "-"]
[White "CHOCHOL"]
[Black "janable"]
[Result "1-0"]
[WhiteCountry "GBR"]
[BlackCountry "PHI"]
[WhiteElo "1995"]
[WhiteRD "136"]
[BlackElo "1758"]
[BlackRD "93"]
[GameID "157995"]

1. e4 e6 2. d4 d5 3. e5 c5 4. Nc3 Nc6 5. Bb5 Bd7 6. Nf3 Nge7 7. Bg5 Qb6 8. Bxc6 Nxc6 9. Ne2 cxd4 10. Nexd4 Qxb2
11. O-O Bc5 12. Rb1 Qc3 13. Nb5 Qa5 14. Bd2 Bb4 15. Nd6+ Ke7 16. Nxb7 Qb6 17. Nd6 Qc5 18. Bf4 Rhb8 19. Ng5 Nd8 20. Nxh7 Nc6
21. Qf3 Rh8 22. Bg5+
1-0

[Event "Iron Man"]
[Site "SchemingMind.com"]
[Date "2008.06.06"]
[Round "-"]
[White "janable"]
[Black "CHOCHOL"]
[Result "1-0"]
[WhiteCountry "PHI"]
[BlackCountry "GBR"]
[WhiteElo "1760"]
[WhiteRD "96"]
[BlackElo "1741"]
[BlackRD "104"]
[GameID "158001"]

1. e4 e6 2. d4 d5 3. e5 Qh4 4. Nf3 Qg4 5. h3 Qe4+ 6. Be3 Qg6 7. Nbd2 Bb4 8. c3 f5 9. cxb4 a6 10. Qc2 c6
11. O-O-O Ne7 12. Rg1 Bd7 13. g4 Qf7 14. Ng5 Qg6 15. Bd3 h6 16. Ngf3 Qf7 17. Rg2 f4 18. Nh4 g5 19. Ng6 Rg8 20. Nxe7 Qxe7
21. Bg6+ Kd8 22. a3 fxe3 23. fxe3 Be8 24. Bd3 Nd7 25. Rf1 Rf8 26. Rgf2 Kc7 27. Nb3 b6 28. Qe2 Rxf2 29. Rxf2 Kb7 30. e4 Bg6
31. exd5 Bxd3 32. dxc6+ Kxc6 33. Qxd3 Nf8 34. Qe4+ Kb5 35. Qxa8 Nd7 36. d5 Nxe5 37. Nd4+ Kc4 38. Qc8+ Kxd4 39. Qc3+ Ke4 40. Re2+ Kxd5
41. Qxe5+ Kc6 42. Qxe6+ Qxe6 43. Rxe6+
1-0

[Event "Iron Man"]
[Site "SchemingMind.com"]
[Date "2008.06.09"]
[Round "-"]
[White "Manfred Kraut"]
[Black "Theodoric"]
[Result "0-1"]
[WhiteCountry "GER"]
[BlackCountry "ENG"]
[WhiteElo "1388"]
[WhiteRD "83"]
[BlackElo "2011"]
[BlackRD "67"]
[GameID "158286"]

1. e4 e6 2. d4 d5 3. e5 c5 4. dxc5 Nc6 5. Nf3 Bxc5 6. Be3 Bxe3 7. fxe3 Nge7 8. Nc3 Qb6 9. Qd2 O-O 10. O-O-O Rd8
11. Na4 Qc7 12. g4 Ng6 13. h4 Ngxe5 14. Bg2 Nc4 15. Qc3 b5 16. b3 Nxe3 17. Qxe3 bxa4 18. bxa4 Nb4 19. Qb3 Rb8 20. Nd4 Ba6
21. Bf1 Qf4+ 22. Kb2 Nd3+ 23. Rxd3 Bxd3 24. Bxd3 Qxd4+
0-1

[Event "Iron Man"]
[Site "SchemingMind.com"]
[Date "2008.06.08"]
[Round "-"]
[White "Theodoric"]
[Black "Manfred Kraut"]
[Result "1-0"]
[WhiteCountry "ENG"]
[BlackCountry "GER"]
[WhiteElo "2011"]
[WhiteRD "67"]
[BlackElo "1388"]
[BlackRD "83"]
[GameID "158295"]

1. e4 e6 2. d4 d5 3. e5 c5 4. c3 Nc6 5. Nf3 Bd7 6. Be2 Nge7 7. Na3 cxd4 8. cxd4 Nf5 9. Nc2 Qa5+ 10. Bd2 Qb6
11. Bc3 Bb4 12. Nxb4 Nxb4 13. Qb3 a5 14. O-O O-O 15. a3 a4 16. Qxb4 Qxb4 17. Bxb4 Rfc8 18. Rac1 Rxc1 19. Rxc1 h6 20. g4 Ne7
21. Bxe7
1-0

[Event "Iron Man"]
[Site "SchemingMind.com"]
[Date "2008.06.09"]
[Round "-"]
[White "GLF"]
[Black "Marcos Natal"]
[Result "0-1"]
[WhiteCountry "USA"]
[BlackCountry "BRA"]
[WhiteElo "1573"]
[WhiteRD "101"]
[BlackElo "1307"]
[BlackRD "119"]
[GameID "158479"]

1. e4 e6 2. d4 d5 3. e5 c5 4. Bb5+ Bd7 5. Bxd7+ Nxd7 6. c3 cxd4 7. cxd4 Bb4+ 8. Bd2 Bxd2+ 9. Nxd2 Nh6 10. Ngf3 f6
11. exf6 gxf6 12. O-O Qb6 13. Qb3 Qxb3 14. axb3 a6 15. Rfc1 Nf5 16. g4 Rg8 17. h3 h5 18. Kh2 hxg4 19. hxg4 Rxg4 20. Rg1 Rxg1
21. Rxg1 Ke7 22. b4 Rh8+ 23. Kg2 Nh4+ 24. Nxh4 Rxh4 25. Nf3 Rg4+ 26. Kf1 Rxg1+ 27. Kxg1 Nb6 28. b3 Kd6 29. Kg2 Kc6 30. Kg3 Kb5
31. Nd2 Kxb4 32. Kf3 Kc3 33. Ke3 Nc8 34. f4 Nd6
0-1

[Event "Iron Man"]
[Site "SchemingMind.com"]
[Date "2008.06.22"]
[Round "-"]
[White "aston294"]
[Black "Ollowain"]
[Result "0-1"]
[WhiteCountry "ENG"]
[BlackCountry "GER"]
[WhiteElo "1122"]
[WhiteRD "70"]
[BlackElo "1982"]
[BlackRD "150"]
[GameID "160406"]

1. e4 e6 2. d4 d5 3. e5 c5 4. c3 Nc6 5. Nf3 Qb6 6. Bg5 cxd4 7. cxd4 Qxb2 8. Nbd2 Nxd4 9. Nxd4 Qxd4 10. Nf3 Bb4+
11. Qd2 Bxd2+ 12. Ke2 Qxa1 13. Nd4 Qxd4 14. Kd1 Bxg5+ 15. Ke2 Bd7 16. h4 Bb5+ 17. Ke1 Qd2#
0-1

[Event "Iron Man"]
[Site "SchemingMind.com"]
[Date "2008.06.22"]
[Round "-"]
[White "Ollowain"]
[Black "aston294"]
[Result "1-0"]
[WhiteCountry "GER"]
[BlackCountry "ENG"]
[WhiteElo "1982"]
[WhiteRD "150"]
[BlackElo "1122"]
[BlackRD "70"]
[GameID "160415"]

1. e4 e6 2. d4 d5 3. e5 f6 4. Bd3 fxe5 5. Qh5+ g6 6. Bxg6+ Ke7 7. Bg5+ Kd6 8. dxe5+ Kd7 9. Bxd8 Kxd8 10. Ne2 Ne7
11. Bd3 Nbc6 12. f4 Rg8 13. O-O Rg6 14. Bxg6 hxg6 15. Qf3 Nf5 16. c3 Bc5+ 17. Kh1 b6 18. g4 Nh4 19. Qg3 Nf5 20. gxf5 gxf5
21. b4 Be7 22. b5 Nxe5 23. fxe5 Ba3 24. Nxa3 Bb7 25. Nd4 a6 26. Qg8+ Kd7 27. Qxe6+ Kd8 28. Nc6+
1-0

[Event "Iron Man"]
[Site "SchemingMind.com"]
[Date "2008.06.28"]
[Round "-"]
[White "swashbuckler"]
[Black "jordache"]
[Result "1-0"]
[WhiteCountry "GBR"]
[BlackCountry "BAR"]
[WhiteElo "1898"]
[WhiteRD "81"]
[BlackElo "1687"]
[BlackRD "154"]
[GameID "160536"]

1. e4 e6 2. d4 d5 3. e5 Nc6 4. f4 Bb4+ 5. Bd2 Be7 6. Nf3 Nh6 7. Bd3 Nf5 8. c3 Bh4+ 9. g3 Be7 10. Qb3 Bd7
11. Na3 Na5 12. Qc2 c5 13. dxc5 Rc8 14. b4 Nc6 15. Nb5 O-O 16. Nd6 Rb8 17. g4 Nh4 18. Nxh4 Bxh4+ 19. Ke2 f6 20. Bxh7+ Kh8
21. Bg6 fxe5 22. Nf7+ Rxf7 23. Bxf7 e4 24. g5 e5 25. Be1 Bg4+ 26. Kd2 Bxe1+ 27. Raxe1 exf4 28. h4 Ne5 29. g6 Bf5 30. Kc1 Nd3+
31. Kb1 Qd7 32. Qh2 e3 33. Ka1 d4 34. Qe2 f3 35. Qxf3 Bg4 36. Qg3 Rd8 37. Reg1 Nf2 38. Rh2 dxc3 39. Qxe3 Qd1+ 40. Qc1 c2
41. Rxd1 cxd1=Q 42. Qxd1 Rxd1+ 43. Kb2 Nd3+ 44. Kc3 Ne5 45. Rd2 Rxd2 46. Kxd2 Bh5 47. Bd5 Bxg6 48. Bxb7 Be8 49. Ke3 Kg8 50. Ke4 Nd7
51. c6 Bg6+ 52. Kd5 Nb6+ 53. Kd6 Be4 54. Ba6 Kf7 55. c7 Bf5 56. Kc6 Be4+ 57. Kd6 Bf5 58. a4 Nc8+ 59. Bxc8 Bxc8 60. b5
1-0

[Event "Iron Man"]
[Site "SchemingMind.com"]
[Date "2008.06.28"]
[Round "-"]
[White "jordache"]
[Black "swashbuckler"]
[Result "0-1"]
[WhiteCountry "BAR"]
[BlackCountry "GBR"]
[WhiteElo "1687"]
[WhiteRD "154"]
[BlackElo "1898"]
[BlackRD "81"]
[GameID "160539"]

1. e4 e6 2. d4 d5 3. e5 c5 4. Nf3 Nc6 5. c3 Qb6 6. Bd3 Bd7 7. Ng5 Be7 8. Qf3 Nh6 9. Qf4 cxd4 10. O-O O-O-O
11. cxd4 Qxd4 12. Qxd4 Nxd4 13. Be3 Nc6 14. Rc1 Kb8 15. Nf3 Rc8 16. Nbd2 Nb4 17. Be2 Nc2 18. Rab1 Nxe3 19. fxe3 Bc5 20. Nd4 Nf5
21. N2b3 Bb6 22. Kf2 Ba4 23. Nxf5 exf5 24. Nd4 f4 25. b3 Bd7 26. Kf3 fxe3 27. Nb5 Rce8 28. Bd3 Bxb5 29. Bxb5 Rxe5 30. Bd3 Rhe8
31. Rb2 Ba5 32. Rbc2 Bd2 33. Rd1 d4 34. a4 Rc8 35. Rxc8+ Kxc8 36. Ke2 f5 37. Rf1 g6 38. Rf4 Rd5 39. Bc4 Rd8 40. g4 fxg4
41. Rxg4 Kc7 42. Rh4 h5 43. Rf4 Rd6 44. Rf7+ Kc6 45. Bd3 Kb6 46. Rg7 h4 47. Bxg6 Rf6 48. Bd3 Rf2+ 49. Kd1 Rxh2 50. Rg6+ Kc5
51. Rg5+ Kb4 52. Rd5 Kc3 53. Bc4 e2+ 54. Bxe2 Rh1+ 55. Bf1 Rxf1+ 56. Ke2 Rh1 57. Rc5+ Kb4 58. Rb5+ Kc3 59. Rc5+ Kxb3 60. Kxd2 Kxa4
0-1

[Event "Iron Man"]
[Site "SchemingMind.com"]
[Date "2008.06.24"]
[Round "-"]
[White "capablanca"]
[Black "nimzoking"]
[Result "0-1"]
[WhiteCountry "GER"]
[BlackCountry "ENG"]
[WhiteElo "1789"]
[WhiteRD "61"]
[BlackElo "2176"]
[BlackRD "81"]
[GameID "160717"]

1. e4 e6 2. d4 d5 3. e5 c5 4. c3 Nc6 5. Nf3 Bd7 6. Bd3 Qb6 7. Bc2 cxd4 8. cxd4 Nb4 9. O-O Nxc2 10. Qxc2 Rc8
11. Nc3 Ne7 12. Qd2 Nf5 13. Ne2 Bb4 14. Qg5 Bb5
0-1

[Event "Iron Man"]
[Site "SchemingMind.com"]
[Date "2008.06.24"]
[Round "-"]
[White "nimzoking"]
[Black "capablanca"]
[Result "1-0"]
[WhiteCountry "ENG"]
[BlackCountry "GER"]
[WhiteElo "2152"]
[WhiteRD "74"]
[BlackElo "1750"]
[BlackRD "58"]
[GameID "160730"]

1. e4 e6 2. d4 d5 3. e5 c5 4. c3 Nc6 5. Nf3 Qb6 6. a3 cxd4 7. cxd4 Nge7 8. Nc3 Nf5 9. Na4 Qc7 10. b4 a6
11. Bb2 b5 12. Nc5 Qb6 13. Bd3 a5 14. Qb3 axb4 15. axb4 Rxa1+ 16. Bxa1 Be7 17. O-O O-O 18. Bc3 Rd8 19. Qc2 g6 20. Qe2 Na7
21. Ra1 Bb7 22. Nd2 Bc6 23. Ra5 Ng7 24. Ndb3 Ne8 25. Ra6 Qb8 26. Qa2 Bxc5 27. Nxc5
1-0

[Event "Iron Man"]
[Site "SchemingMind.com"]
[Date "2008.06.27"]
[Round "-"]
[White "Joe Daudish"]
[Black "Theodoric"]
[Result "0-1"]
[WhiteCountry "USA"]
[BlackCountry "ENG"]
[WhiteElo "1722"]
[WhiteRD "44"]
[BlackElo "2007"]
[BlackRD "70"]
[GameID "161001"]

1. e4 e6 2. d4 d5 3. e5 c5 4. Nf3 Nc6 5. c3 Qb6 6. Qb3 Qxb3 7. axb3 cxd4 8. cxd4 Bd7 9. Bd2 a6 10. Bc3 Nb4
11. Bxb4 Bxb4+ 12. Nc3 Ne7 13. Bd3 O-O 14. O-O Rac8 15. Rfc1 Ng6 16. g3 Rc6 17. Rc2 f6 18. Kg2 Rfc8 19. Rac1 Ne7 20. Na4 Rxc2
21. Rxc2 Rxc2 22. Bxc2 Nc6 23. exf6 gxf6 24. Bd3 Be8 25. Nc5 e5 26. Nxb7 e4 27. Bxa6 exf3+ 28. Kxf3 Nxd4+ 29. Kf4 Bd2+ 30. Kg4 Bd7+
31. Kh5 Nf5 32. Bd3 Ng7+ 33. Kh4 Bg5#
0-1

[Event "Iron Man"]
[Site "SchemingMind.com"]
[Date "2008.06.27"]
[Round "-"]
[White "Theodoric"]
[Black "Joe Daudish"]
[Result "1-0"]
[WhiteCountry "ENG"]
[BlackCountry "USA"]
[WhiteElo "2024"]
[WhiteRD "74"]
[BlackElo "1729"]
[BlackRD "43"]
[GameID "161006"]

1. e4 e6 2. d4 d5 3. e5 Ne7 4. Nf3 Ng6 5. Bd3 Be7 6. Nc3 Bd7 7. Bd2 c5 8. Bxg6 fxg6 9. Be3 cxd4 10. Nxd4 Nc6
11. Nxc6 Bxc6 12. Qg4 Qc8 13. O-O O-O 14. Rfd1 Rf5 15. Ne2 Bd7 16. Ng3 Rf7 17. Rac1 b5 18. Bd4 Bc5 19. Ne2 Bxd4 20. Nxd4 Qa6
21. a3 Raf8 22. Rd2 Qb6 23. Rf1 Rf4 24. Qd1 a5 25. c3 b4 26. axb4 axb4 27. Qb3 Qa6 28. Qxb4 g5 29. Qe7 Bc8 30. Qxg5 Bd7
31. Qg3 Bb5 32. Nxb5 Qxb5 33. b4 Qc4 34. Re1 Re4 35. Rxe4 Qxe4 36. Rd1 Qe2 37. Ra1 h6 38. Qe3 Qc4 39. Qb6 Qxc3 40. Qxe6+ Kh8
41. Rd1 Qxb4 42. Qxd5 Qc3 43. e6 Qf6 44. Qc5 Re8 45. Re1 Kh7 46. Qc2+ Kg8 47. Qc6 Re7 48. h3 Kh7 49. Qd6 h5 50. Qd5 Kh6
51. Re5 g6 52. g4 hxg4 53. Qd4 gxh3 54. Rh5+ Kg7 55. Rh7+ Kxh7 56. Qxf6 g5 57. Qxe7+ Kh6 58. Qf7 g4 59. e7 h2+ 60. Kxh2 g3+
61. Kxg3 Kg5 62. e8=Q Kh6 63. Qef8+ Kg5 64. f4#
1-0

[Event "Iron Man"]
[Site "SchemingMind.com"]
[Date "2008.06.29"]
[Round "-"]
[White "SLAINTIE MHATH"]
[Black "Lazaro"]
[Result "0-1"]
[WhiteCountry "POL"]
[BlackCountry "CUB"]
[WhiteElo "1529"]
[WhiteRD "61"]
[BlackElo "1648"]
[BlackRD "76"]
[GameID "161328"]

1. e4 e6 2. d4 d5 3. e5 c5 4. Bb5+ Bd7 5. Nc3 Bxb5 6. Nxb5 Qa5+ 7. Nc3 cxd4 8. Bd2 dxc3 9. bxc3 Qc7 10. Qe2 Nc6
11. Nf3 Nge7 12. O-O Ng6 13. g3 Ngxe5 14. Bf4 Nxf3+ 15. Qxf3 Bd6 16. Bg5 O-O
0-1

[Event "Iron Man"]
[Site "SchemingMind.com"]
[Date "2008.07.01"]
[Round "-"]
[White "z"]
[Black "GrischukFan"]
[Result "0-1"]
[WhiteCountry "IRQ"]
[BlackCountry "GER"]
[WhiteElo "1719"]
[WhiteRD "54"]
[BlackElo "2356"]
[BlackRD "93"]
[GameID "161466"]

1. e4 e6 2. d4 d5 3. e5 c5 4. c3 Nc6 5. f4 Qb6 6. Nf3 Nh6 7. Bd3 cxd4 8. cxd4 Bd7 9. Nc3 Nxd4 10. Nxd4 Qxd4
11. Qe2 Bb4 12. Bd2 O-O 13. a3 Ba5 14. b4 Bb6 15. Rc1 Rac8 16. Nd1 Nf5 17. g4 Nh4 18. Kf1 Rxc1 19. Bxc1 Ba4 20. Bc2 Rc8
21. Be3 Rxc2 22. Bxd4 Rxe2 23. Kxe2 Bxd4 24. Kd3 Bb6 25. Ne3 Bb5+
0-1

[Event "Iron Man"]
[Site "SchemingMind.com"]
[Date "2008.07.01"]
[Round "-"]
[White "GrischukFan"]
[Black "z"]
[Result "1-0"]
[WhiteCountry "GER"]
[BlackCountry "IRQ"]
[WhiteElo "2356"]
[WhiteRD "93"]
[BlackElo "1719"]
[BlackRD "54"]
[GameID "161474"]

1. e4 e6 2. d4 d5 3. e5 c5 4. c3 Nc6 5. Nf3 Bd7 6. Be2 Qb6 7. O-O Rc8 8. a3 cxd4 9. cxd4 Na5 10. b4 Nc4
11. Nbd2 Qa6 12. Nxc4 dxc4 13. d5 exd5 14. Qxd5 Be6 15. Qe4 Ne7 16. Bb2 b5 17. Rad1 Qc6 18. Qf4 Ng6 19. Qe3 Qc7 20. Nd4 a6
21. f4 Bd5 22. Nxb5 axb5 23. Rxd5 Rg8 24. f5 Nh8 25. f6 g5 26. Rfd1 Ng6 27. e6 Qf4 28. exf7+ Kxf7 29. Rd7+ Be7 30. Rxe7+ Nxe7
31. Bh5+ Rg6 32. Qxe7+
1-0

[Event "Iron Man"]
[Site "SchemingMind.com"]
[Date "2008.07.02"]
[Round "-"]
[White "Fred Fanelli"]
[Black "iain"]
[Result "0-1"]
[WhiteCountry "USA"]
[BlackCountry "USA"]
[WhiteElo "1497"]
[WhiteRD "72"]
[BlackElo "1466"]
[BlackRD "70"]
[GameID "161619"]

1. e4 e6 2. d4 d5 3. e5 c5 4. Nf3 cxd4 5. Nxd4 Bc5 6. Nc3 Ne7 7. Nb3 Bb4 8. Bd2 O-O 9. a3 Bxc3 10. Bxc3 b6
11. Bd3 Bb7 12. O-O Nbc6 13. Nd4 Nxe5 14. Nf3 Nxf3+ 15. Qxf3 Rb8 16. Qg4 f6 17. Qxe6+ Kh8 18. Qh3 g6 19. Rae1 a5 20. Qh4 Qd6
21. Qxf6+ Rxf6
0-1

[Event "Iron Man"]
[Site "SchemingMind.com"]
[Date "2008.07.01"]
[Round "-"]
[White "Carl Lenox"]
[Black "joopsim"]
[Result "0-1"]
[WhiteCountry "CAN"]
[BlackCountry "NED"]
[WhiteElo "1264"]
[WhiteRD "59"]
[BlackElo "2318"]
[BlackRD "100"]
[GameID "161620"]

1. e4 e6 2. d4 d5 3. e5 c5 4. Nf3 Nc6 5. c3 Qb6 6. Be3 Qxb2 7. Nbd2 Qxc3 8. Rc1 Qa5 9. a4 c4 10. Be2 Bb4
11. O-O Nge7 12. Re1 Nf5 13. Bg5 h6 14. Bf4 g5 15. Bg3 g4 16. Nh4 Bxd2 17. Nf3 gxf3
0-1

[Event "Iron Man"]
[Site "SchemingMind.com"]
[Date "2008.07.03"]
[Round "-"]
[White "iain"]
[Black "Fred Fanelli"]
[Result "1-0"]
[WhiteCountry "USA"]
[BlackCountry "USA"]
[WhiteElo "1466"]
[WhiteRD "70"]
[BlackElo "1497"]
[BlackRD "72"]
[GameID "161625"]

1. e4 e6 2. d4 d5 3. e5 c5 4. c3 Nc6 5. Nf3 c4 6. Be2 Be7 7. O-O Bd7 8. b3 b5 9. b4 f6 10. a4 bxa4
11. b5 Na5 12. Qxa4 Nb3 13. Ra2 Qb8 14. Bxc4 Nxc1 15. Rxc1 Bd8 16. Bd3 Nh6 17. exf6 Bxf6 18. Ne5 Bxe5 19. dxe5 O-O 20. Nd2 Ng4
21. Qxg4 Qe8 22. Nf3
1-0

[Event "Iron Man"]
[Site "SchemingMind.com"]
[Date "2008.07.01"]
[Round "-"]
[White "joopsim"]
[Black "Carl Lenox"]
[Result "1-0"]
[WhiteCountry "NED"]
[BlackCountry "CAN"]
[WhiteElo "2318"]
[WhiteRD "100"]
[BlackElo "1264"]
[BlackRD "59"]
[GameID "161626"]

1. e4 e6 2. d4 d5 3. e5 Nc6 4. Nf3 Nf6 5. exf6 Qxf6 6. Bg5 Qf5 7. Bd3 Qg4 8. h3 Qxg2 9. Rh2 Qxh2 10. Nxh2 Bd6
11. Nf3 Bd7 12. Nc3 f6 13. Be3 Nb4 14. Nb5 O-O-O 15. Nxa7+ Kb8 16. Nb5 Be7 17. Bf4 g5 18. Bxc7+
1-0

[Event "Iron Man"]
[Site "SchemingMind.com"]
[Date "2008.07.18"]
[Round "-"]
[White "joopsim"]
[Black "griffimv"]
[Result "1/2-1/2"]
[WhiteCountry "NED"]
[BlackCountry "INT"]
[WhiteElo "2388"]
[WhiteRD "91"]
[BlackElo "2236"]
[BlackRD "85"]
[GameID "163235"]

1. e4 e6 2. d4 d5 3. e5 c5 4. c3 Nc6 5. Nf3 Bd7 6. Bd3 cxd4 7. cxd4 Qb6 8. Nc3 Nxd4 9. Nxd4 Qxd4 10. Qe2 a6
11. O-O Ne7 12. Kh1 Nc6 13. f4 Bc5 14. a3 Ba7 15. Bd2 g6 16. Rf3 Qb6 17. Be3 Qd8 18. Bxa7 Nxa7 19. Qe3 Nc6 20. Na4 d4
21. Qe1 Qa5 22. Qxa5 Nxa5 23. Nb6 Rd8 24. b4 Nc6 25. Be4 g5 26. Nxd7 Kxd7 27. Rc1 gxf4 28. Bxc6+ bxc6 29. Rxf4 Ke7 30. Rxc6 Rc8
31. Rxc8 Rxc8 32. Kg1 d3 33. Kf2 Rc2+ 34. Kf3 d2 35. Rd4 Ra2 36. Ke2 Rxa3 37. Rh4 Ra2 38. g3 Rb2 39. Rxh7 Rxb4 40. Kxd2 Rb5
41. Rh5 a5 42. Kc3 a4 43. Rh4 Rxe5 44. Rxa4= Re2 45. Rh4 f5 46. Kd4 Kd6 47. Rh8 e5+ 48. Kd3 Ra2 49. Rf8 Ra3+ 50. Ke2 Ke6
51. Rd8 e4 52. Rd2 Ke5 53. Rb2= Kd4 54. Rd2+ Kc4 55. Rc2+ Kd5 56. Rd2+ Ke6 57. Rb2 Ke5 58. Kf2 Rf3+ 59. Ke2 Rc3 60. Kf2 Rf3+
61. Ke2 Ke6=
1/2-1/2

[Event "Iron Man"]
[Site "SchemingMind.com"]
[Date "2008.07.18"]
[Round "-"]
[White "griffimv"]
[Black "joopsim"]
[Result "0-1"]
[WhiteCountry "INT"]
[BlackCountry "NED"]
[WhiteElo "2281"]
[WhiteRD "88"]
[BlackElo "2371"]
[BlackRD "102"]
[GameID "163241"]

1. e4 e6 2. d4 d5 3. e5 c5 4. c3 Nc6 5. Nf3 Bd7 6. Be2 Nge7 7. Na3 cxd4 8. cxd4 Nf5 9. Nc2 Qb6 10. O-O Na5
11. Bd3 Bb5 12. Bxb5+ Qxb5 13. Bd2 Be7 14. Na3 Bxa3 15. bxa3 Nc4 16. Rb1 Qd7 17. Bb4 b6 18. a4 a5 19. Bd2 h6 20. g4 Ne7
21. Rb5 O-O 22. g5 hxg5 23. Nxg5 f6 24. exf6 Rxf6 25. Re1 Raf8 26. Bc3 Rh6 27. Qg4 Rf5 28. f4 e5 29. h3 e4 30. Bb2 Ng6
31. Bc1 Rh4 32. Qg2 Nxf4 33. Bxf4 Rhxf4 34. Rb3 e3 35. Rexe3 Nxe3 36. Rxe3 Qxa4 37. Re1 Qxd4+ 38. Kh1 Rf2 39. Re8+ Rf8 40. Rxf8+ Rxf8
41. Nf3 Qe4 42. Nh2 Rf2 43. Qxe4 Rxh2+ 44. Kxh2 dxe4 45. Kg2 Kf7 46. Kf2 Kf6 47. Ke3 Ke5 48. a4 g5 49. Ke2 Kf4 50. Kf2 e3+
51. Ke2 Ke4 52. Ke1 b5 53. axb5 a4 54. Kd1 Kd3 55. b6 a3 56. Ke1 a2 57. Kf1 a1=Q+ 58. Kg2 e2 59. Kg3 Qg1+ 60. Kf3 e1=N#
0-1

[Event "Iron Man"]
[Site "SchemingMind.com"]
[Date "2008.08.09"]
[Round "-"]
[White "GLF"]
[Black "iain"]
[Result "1-0"]
[WhiteCountry "USA"]
[BlackCountry "USA"]
[WhiteElo "1620"]
[WhiteRD "98"]
[BlackElo "1433"]
[BlackRD "75"]
[GameID "166044"]

1. e4 e6 2. d4 d5 3. e5 Nc6 4. Bb5 Bd7 5. Bxc6 Bxc6 6. Nc3 f6 7. exf6 Qxf6 8. Nf3 h6 9. O-O O-O-O 10. h3 Bd6
11. g4 Ne7 12. h4 Bf4 13. Bxf4 Qxf4 14. Nh2 g5 15. h5 e5 16. Ne2
1-0

[Event "Iron Man"]
[Site "SchemingMind.com"]
[Date "2008.08.09"]
[Round "-"]
[White "iain"]
[Black "GLF"]
[Result "0-1"]
[WhiteCountry "USA"]
[BlackCountry "USA"]
[WhiteElo "1433"]
[WhiteRD "75"]
[BlackElo "1620"]
[BlackRD "98"]
[GameID "166051"]

1. e4 e6 2. d4 d5 3. e5 f6 4. Nf3 Nc6 5. Bb5 Bd7 6. O-O a6 7. Ba4 b5 8. Bb3 a5 9. a4 b4 10. c3 fxe5
11. dxe5 Nge7 12. cxb4 Nxb4 13. Bd2 Ng6 14. Nc3 Be7 15. Re1 O-O
0-1

[Event "Iron Man"]
[Site "SchemingMind.com"]
[Date "2008.08.27"]
[Round "-"]
[White "janable"]
[Black "Lazaro"]
[Result "1/2-1/2"]
[WhiteCountry "PHI"]
[BlackCountry "CUB"]
[WhiteElo "1746"]
[WhiteRD "98"]
[BlackElo "1584"]
[BlackRD "75"]
[GameID "168451"]

1. e4 e6 2. d4 d5 3. e5 c5 4. Nf3 cxd4 5. Nxd4 Nc6 6. Bb5 Bd7 7. Be3 Nxe5 8. Qe2 Nc6 9. c4 Nxd4 10. Bxd7+ Qxd7
11. Bxd4 Nf6 12. Nc3 Bb4 13. O-O O-O 14. Bxf6 gxf6 15. Rfd1 Bxc3 16. bxc3 Rac8 17. Qg4+ Kh8 18. Qd4 e5 19. Qxd5 Qxd5 20. cxd5 Rxc3
21. d6 Rd8 22. Rab1 Rd7 23. Rd2 Kg7 24. g4 Rc6 25. Rbd1 f5 26. g5 f6 27. f4 exf4 28. gxf6+ Kxf6 29. Kf2 Ke6 30. Re1+ Kf6
31. Red1 b5 32. Rd4 Rc4 33. Rd5 a6 34. Kf3 Ke6 35. R5d2 a5 36. Rd5 b4 37. Rxa5 Rxd6 38. Rxd6+ Kxd6 39. Rxf5 Rc2 40. Rxf4 Rxh2
41. Rxb4 Rxa2=
1/2-1/2

[Event "Iron Man"]
[Site "SchemingMind.com"]
[Date "2008.08.26"]
[Round "-"]
[White "Lazaro"]
[Black "janable"]
[Result "1/2-1/2"]
[WhiteCountry "CUB"]
[BlackCountry "PHI"]
[WhiteElo "1695"]
[WhiteRD "80"]
[BlackElo "1759"]
[BlackRD "97"]
[GameID "168455"]

1. e4 e6 2. d4 d5 3. e5 c5 4. c3 Nc6 5. Nf3 Qb6 6. a3 Nge7 7. b4 cxd4 8. cxd4 Nf5 9. Bb2 Be7 10. g4 Nh4
11. Nbd2 a5 12. b5 Na7 13. Qb3=
1/2-1/2

[Event "Iron Man"]
[Site "SchemingMind.com"]
[Date "2008.09.01"]
[Round "-"]
[White "Theodoric"]
[Black "nimzoking"]
[Result "0-1"]
[WhiteCountry "ENG"]
[BlackCountry "ENG"]
[WhiteElo "2030"]
[WhiteRD "69"]
[BlackElo "2165"]
[BlackRD "67"]
[GameID "169297"]

1. e4 e6 2. d4 d5 3. e5 c5 4. c3 Nc6 5. Nf3 Bd7 6. Be2 Nge7 7. Na3 cxd4 8. cxd4 Rc8 9. O-O Nf5 10. Nc2 Be7
11. Bd2 Qb6 12. Bc3 O-O 13. Rb1 a6 14. Bd3 g6 15. Rc1 f6 16. Qd2 fxe5 17. Bxf5 Rxf5 18. dxe5 Rcf8 19. Rfd1 Qd8 20. Ncd4 R5f7
21. Nxc6 bxc6 22. Bd4 g5 23. h3 h5 24. Qd3 g4 25. hxg4 hxg4 26. Nh2 Rg7 27. Qxa6 Qb8 28. g3 c5 29. Rxc5 Bxc5 30. Bxc5 Rf5
31. b3 Rh5 32. Bd6 Qb5 33. Qxb5 Bxb5 34. a4 Be2 35. Rc1 d4 36. Rc8+ Kh7 37. Nf1 Kg6 38. Nd2 Rgh7
0-1

[Event "Iron Man"]
[Site "SchemingMind.com"]
[Date "2008.09.01"]
[Round "-"]
[White "nimzoking"]
[Black "Theodoric"]
[Result "1-0"]
[WhiteCountry "ENG"]
[BlackCountry "ENG"]
[WhiteElo "2165"]
[WhiteRD "67"]
[BlackElo "2030"]
[BlackRD "69"]
[GameID "169302"]

1. e4 e6 2. d4 d5 3. e5 c5 4. c3 Nc6 5. Be3 Qb6 6. Qd2 Bd7 7. Nf3 O-O-O 8. dxc5 Bxc5 9. Bxc5 Qxc5 10. b4 Qb6
11. a4 f6 12. a5 Qc7 13. a6 b6 14. Na3 Nxe5 15. Nd4 Ng6 16. Nab5 Qe5+ 17. Be2 Bxb5 18. Nxb5 Kb8 19. g3 f5 20. f4 Qf6
21. O-O N8e7 22. Rae1 h5 23. h4 Nc6 24. Bf3 Nge7 25. Rf2 g6 26. Rfe2 e5 27. fxe5 Qe6 28. Nd6 Rd7 29. Nf7 Re8 30. Ng5 Qg8
31. c4 Rdd8 32. Qf4 Kc8 33. cxd5 Rxd5 34. e6 Qh8 35. Rc2 Rd4 36. Qc1 Kb8 37. Rxc6 Nd5 38. Nf7 Qg7 39. Nd6
1-0